| 000 | 00904nam a22003017a 4500 | ||
|---|---|---|---|
| 003 | CHAP | ||
| 005 | 20220817041317.0 | ||
| 008 | 120611s2006 sp a r 00010 sp d | ||
| 010 | _a10978 | ||
| 011 | _a11950 | ||
| 020 | _a8484762793 | ||
| 035 | _a13000 | ||
| 040 | _cCHAP | ||
| 082 | 0 | 4 |
_a634.8858 _bH63 |
| 100 | 1 |
_aHidalgo Togores, José. _955206 |
|
| 245 | 1 | 3 |
_aLa calidad del vino desde el viñedo _c/por José Hidalgo Togores |
| 260 |
_aMadrid : _bMundi Prensa, _c2006 |
||
| 300 | _a389 p. | ||
| 590 |
_aBATCH-UPD _b10 _c20130110 _lUCH01 _h1059 |
||
| 590 |
_aBATCH-UPD _b10 _c20130410 _lUCH01 _h0652 |
||
| 590 |
_aBATCH-UPD _b10 _c20130914 _lUCH01 _h1659 |
||
| 590 |
_aCONVERSION _b10 _c20130109 _lUCH01 _h1307 |
||
| 650 | 0 | 4 |
_aVino. _9119855 |
| 650 | 0 | 4 | _aViticultura. |
| 901 | _aBK | ||
| 942 | _cLIBRO | ||
| 949 |
_a634.8858 H63 _bBC _cLIBRO _d33724002334892 _eLIBRO _gI.c/e _h116840 _i13000 _sb _t$936.3 |
||
| 999 |
_c10978 _d10978 |
||